000 00768nam a22002417a 4500
001 97044
003 UA-OsUOA
005 20220416220053.0
007 ta
008 20130325b un ||||| |||| 00| 0 ukr d
040 _aUA-OsUOA
_brus
_cUA-OsUOA
_dUA-OsUOA
041 _arus
080 _a821.182.1
090 _a821.182.1
_bМ23
100 _aМанн Генрих
245 _aСобрание сочинений в десяти томах
260 _aМосква
_bХудожественная литература
_c1960
300 _a685 с.
505 _gТ. 9
_tО себе и собственном творчестве 1906–1954. Статьи 1908-–929
650 7 _a821 Художня література
_2UDC
942 _cBK
_2udc
955 _a3
999 _c383292
_d383292